000 00651cam a22002291 4500
001 8480082
005 20180103041006.0
008 711129s1967 pauh b 000 0 eng
010 _a 67013677
035 _a(OCoLC)176088
040 _aDLC
_cODaWU
_dOCoLC
_dDLC
041 _aeng
042 _apremarc
080 _a370.973
082 _a370.973 BES
100 1 _a46
101 _aEDU
245 1 4 _aThe American legacy of learning;
_cedited by John Hardin Best and Robert T. Sidwell.
504 _aIncludes bibliographies.
906 _a7
_bcbc
_coclcrpl
_du
_encip
_f19
_gy-gencatlg
942 _2ddc
_cBK
999 _c39603
_d39603